000
00243nam a2200097Ia 4500
001
1206888
005
20251016144932.0
008
250824s9999 xx 000 0 und d
245
0
_a
PENCEREDEN
_c
GÜRAY SÜNGÜ
260
_b
METAMORFOZ YAYINLARI
999
_c
1206888
_d
1206888